Puentes como liebres y otros cuentos / (Registro nro. 10812)

Detalles MARC
000 -LIDER
fixed length control field 00981cam a2200337 i 4500
001 - NÚMERO DE CONTROL
Identificador de número de control 0000520
003 - IDENTIFICACDOR DE NÚMERO DE CONTROL
control field DO-SdBNP
005 - DATE AND TIME OF LATEST TRANSACTION
control field 20171121083830.0
007 - CAMPOS FIJOS DE DESCRIPCIÓN FÍSICA
fixed length control field 0000520
008 - ELEMENTOS DE LONGITUD FIJA
fixed length control field 100514s 2006 mx | |||| 000 f spa
015 ## - NÚMERO DENTRO DE LA BIBLIOGRAFÍA NACIONAL
National bibliography number
017 ## - NÚMERO DE REGISTRO DE DERECHOS DE AUTOR
Copyright or legal deposit number
Assigning agency
020 ## - ISBN
International Standard Book Number 9789707703117
035 ## - NÚMERO LOCAL
System control number
040 ## - FUENTE DE CATALOGACIÓN
Agencia que crea de manera original el registro BPMSU
Idioma de catalogación spa
Agencia que realiza la transcripción BPMSU
Convenciones de la despripción
080 ## - NÚMERO DE CLASIFICACIÓN DECIMAL UNIVERSAL
Universal Decimal Classification number
082 ## - NÚMERO DE CLASIFICACIÓN DECIMAL DE DEWEY
Classification number U863.44
Item number B462p
100 1# - ASIENTO PRINCIPAL -- NOMBRE PERSONAL
Nombre personal Benedetti, Mario,
Fechas asociadas con el nombre 1920-2009
245 10 - MENCIÓN DE TITULO
Título Puentes como liebres y otros cuentos /
Medio (Designación general de material)
Mención de responsabilidad Mario Benedetti ; prólogo Gonzalo Garcés ; estudio Cristian Mitelman
260 ## - PUBLICACIÓN, DISTRIBUCIÓN, ETC. (PIE DE IMPRENTA)
Lugar de publicación, distribución, etc México :
Nombre del editor, distribuidor, etc. Santillana ediciones generales,
-- Alfaguara,
Fecha de publicación, distribución, etc 2005
300 ## - DESCRIPCIÓN FÍSICA
Extensión 117 p.:
Dimensiones 20 cm
490 ## - MENCIÓN DE SERIES
Mención de serie Roja Alfaguara
586 ## - AWARDS NOTE
Awards note Premio Nobel de Literatura 2010.
650 ## - ENCABEZAMIENTO DE MATERIA--TEMÁTICO
Término temático o nombre geográfico como elemento de entrada CUENTOS URUGUAYOS
650 ## - ENCABEZAMIENTO DE MATERIA--TEMÁTICO
Término temático o nombre geográfico como elemento de entrada LITERATURA URUGUAYA
700 12 - ASIENTO SECUNDARIO -- NOMBRE PERSONAL
Nombre personal Garcés, Gonzalo
Mención de responsabilidad pról.
700 12 - ASIENTO SECUNDARIO -- NOMBRE PERSONAL
Nombre personal Mirtelman, Cristian
Mención de responsabilidad estudio
830 ## - ASIENTO SECUNDARIO DE SERIE--TÍTULO UNIFORME
Título uniforme Roja Alfaguara
942 ## - ADDED ENTRY ELEMENTS (KOHA)
Source of classification or shelving scheme Dewey Decimal Classification
Koha item type Libros
956 ## - LOCAL ELECTRONIC LOCATION AND ACCESS (OCLC)
Nombre de host YLOCKWARD
Campo enlazado y núm. de secuencia 10
Información de compresión BPMSU
Existencias
Withdrawn status Lost status Source of classification or shelving scheme Damaged status Not for loan Collection code Home library Current library Date acquired Source of acquisition Total Checkouts Full call number Barcode Date last seen Price effective from Koha item type
    Dewey Decimal Classification     Colección General Biblioteca Pública Metropolitana Salomé Ureña Biblioteca Pública Metropolitana Salomé Ureña 07/11/2016 Donativo-Alfaguara   U863.44 B462p BPMSU16070350 07/11/2016 07/11/2016 Libros